00981nam a2200265 4500003000900000005001700009006001900026008004100045040002300086041000800109082002100117100001700138245005700155250002200212264004900234300005100283501002200334505018500356650001600541650001100557650002500568942001100593999001000604952010100614EC-UNACH20240415114505.0s||||gr|||| 00| 00150116t9999 mx r gr 000 0 spa d aEC-UNACHcEC-UNACH aspa04223a153bL017380 aLewis, David aCómo potenciar el talento de su hijocLewis, David aPrimera edición aColombia BogotábCirculo de Lectoresc1983 a273 páginasbFotografíasc20 centímetros aIncluye: Índice aEs usted un padre dotado.-- Que hace diferentes a los niños dotados.-- Cómo ayudan los problemas a su hijo.-- Progresar... Progresando.-- Después de los primeros cinco años aAprendizaje aPadres aNiños inteligentes 2ddcc1 c12752 102ddc4070a2b2d2024-04-15i317079l0o153 LEW L017380pL017380r2024-04-15w2024-04-15y1k